Miasta partnerskie Gdańska - Statystyki

Ogólne statystyki
  • Ten quiz został rozwiązany 5 razy
  • Średni wynik to 3 z 22
Statystyki odpowiedzi
Od Kraj Miasto % Poprawnych
1990 Hiszpania Barcelona
100%
1976 Niemcy Brema
50%
2005 Włochy Palermo
50%
2004 Chiny Szanghaj
50%
1996 Kazachstan Astana
0%
2007 Polska Bytów
0%
1990 USA Cleveland
0%
2009 Belgia Gandawa
0%
1992 Dania Helsingør
0%
1991 Szwecja Kalmar
0%
1992 Francja Marsylia
0%
2001 Wielka Brytania Newcastle
0%
1999 Francja Nicea
0%
1996 Ukraina Odessa
0%
2008 Rosja Omsk
0%
2009 Białoruś Połock
0%
2015 Chorwacja Rijeka
0%
1998 Holandia Rotterdam
0%
1992 Francja Rouen
0%
1993 Wielka Brytania Sefton
0%
1987 Finlandia Turku
0%
1998 Litwa Wilno
0%
Nie znaleziono quizów pasujących do podanych kryteriów
Rozkład punktacji
Procent ludzi z każdym wynikiem
Percentyl według liczby udzielonych odpowiedzi
Twoja historia wyników
Nie rozwiązałeś tego quizu